[Event "FICS rated standard game"]
[Site "FICS freechess.org"]
[Date "2018.01.17"]
[Round "?"]
[White "proximab"]
[Black "Alop"]
[Result "1-0"]
[WhiteElo "2125"]
[BlackElo "1862"]
[PlyCount "111"]
[EventDate "2018.??.??"]

1. e4 e5 2. Nf3 Nc6 3. c3 Nf6 4. d4 d6 5. d5 Ne7 6. Bg5 Bg4 7. Bxf6 gxf6 8.
Nbd2 Ng6 9. Bb5+ Bd7 10. Qa4 Nf4 11. O-O Bh6 12. Kh1 Rg8 13. g3 Nh3 14. Nc4 a6
15. Bxd7+ Qxd7 16. Qxd7+ Kxd7 17. Nh4 Bf8 18. a3 b6 19. Rae1 Bh6 20. Nf5 Bf8
21. Kg2 Ng5 22. h4 Ne6 23. dxe6+ fxe6 24. Nfe3 Bh6 25. Kg1 Raf8 26. h5 b5 27.
Na5 c6 28. c4 bxc4 29. Nexc4 d5 30. exd5 exd5 31. Ne3 f5 32. Ng2 Bd2 33. Nc4
Bxe1 34. Nxe5+ Kd6 35. Rxe1 Rg7 36. b3 f4 37. h6 Rb7 38. b4 fxg3 39. fxg3 Rf5
40. Ng4 a5 41. bxa5 Ra7 42. Nf4 Rxa5 43. Re3 c5 44. Re6+ Kc7 45. Ne3 Rf7 46.
Nfxd5+ Kd7 47. Rf6 Rxf6 48. Nxf6+ Ke6 49. Nxh7 Rxa3 50. Kf2 Ra8 51. Ng5+ Kf6
52. Ne4+ Kg6 53. Ng4 c4 54. Ke3 Re8 55. Kd4 Kf5 56. Nd6+ {Black resigns} 1-0

[Event "FICS rated blitz game"]
[Site "FICS freechess.org"]
[Date "2018.01.17"]
[Round "?"]
[White "awitaliy"]
[Black "KIAUA"]
[Result "1-0"]
[WhiteElo "1409"]
[BlackElo "1400"]
[PlyCount "75"]
[EventDate "2018.??.??"]
[EventType "blitz"]

1. e4 e5 2. Nf3 Nc6 3. c3 Bc5 4. Bd3 d6 5. h3 Bg4 6. hxg4 Nf6 7. g5 Ng4 8. Rf1
h5 9. b4 Bb6 10. Na3 h4 11. Nc4 h3 12. Nxb6 axb6 13. gxh3 Rxh3 14. Be2 Nh2 15.
Nxh2 Rxh2 16. d3 Qd7 17. a3 O-O-O 18. Be3 Rdh8 19. Qd2 Qh3 20. O-O-O f5 21.
exf5 Qxf5 22. Rg1 e4 23. Bg4 Rxf2 24. Bxf2 exd3 25. Bxf5+ Kb8 26. Bxd3 Ne5 27.
Be2 Re8 28. a4 c5 29. bxc5 bxc5 30. a5 c4 31. Bg3 Ka7 32. Qxd6 Nd3+ 33. Bxd3
cxd3 34. Qb6+ Ka8 35. Bf2 Kb8 36. a6 Re7 37. a7+ Ka8 38. Qd8# {Black checkmated
} 1-0

[Event "FICS rated blitz game"]
[Site "FICS freechess.org"]
[Date "2018.01.17"]
[Round "?"]
[White "awitaliy"]
[Black "Unikat"]
[Result "0-1"]
[WhiteElo "1418"]
[BlackElo "1309"]
[PlyCount "73"]
[EventDate "2018.??.??"]
[EventType "blitz"]

1. e4 e5 2. Nf3 Nc6 3. c3 d5 4. exd5 Qxd5 5. c4 Qe4+ 6. Be2 Bf5 7. O-O Nd4 8.
Nc3 Qc2 9. Nxd4 Qxd1 10. Bxd1 exd4 11. Nd5 O-O-O 12. b4 c6 13. Nf4 Bxb4 14. a3
Ba5 15. Bb2 Bxd2 16. Ne2 d3 17. Ng3 Ne7 18. Bxg7 Rhg8 19. Bf6 Rxg3 20. hxg3 Rd7
21. g4 Bg6 22. f4 h6 23. f5 Bh7 24. Ra2 Bc3 25. Bb3 Bxf6 26. c5 Bd4+ 27. Kh2
Bxc5 28. Bxf7 d2 29. Be6 Kc7 30. Bxd7 Kxd7 31. Rxd2+ Kc7 32. f6 Ng6 33. Rfd1
Ne5 34. f7 Bxa3 35. Rf2 Bf8 36. Re1 Nxg4+ 37. Kg3 {White resigns} 0-1

[Event "FICS rated blitz game"]
[Site "FICS freechess.org"]
[Date "2018.01.17"]
[Round "?"]
[White "jsssstplayinn"]
[Black "gojets"]
[Result "1-0"]
[WhiteElo "1641"]
[BlackElo "1589"]
[PlyCount "69"]
[EventDate "2018.??.??"]
[EventType "blitz"]

1. e4 e5 2. Nf3 Nc6 3. c3 d6 4. d4 exd4 5. cxd4 Be7 6. d5 Nb8 7. Be2 Nf6 8. O-O
O-O 9. Nc3 Bg4 10. h3 Bh5 11. Nh2 Bxe2 12. Qxe2 Nbd7 13. f4 Nc5 14. b4 Ncd7 15.
Ng4 a5 16. bxa5 Rxa5 17. a4 Re8 18. Bd2 Ra8 19. Nb5 c6 20. dxc6 bxc6 21. Nd4
Qb6 22. Be3 c5 23. Nf5 Bf8 24. e5 dxe5 25. fxe5 Nxe5 26. Nxe5 Rxe5 27. Qf3 g6
28. Qxa8 gxf5 29. Bh6 Re8 30. Qf3 Bxh6 31. Qxf5 Bg7 32. Kh1 c4 33. a5 Qa6 34.
Rab1 Nd7 35. Qxd7 {Black resigns} 1-0

[Event "FICS rated blitz game"]
[Site "FICS freechess.org"]
[Date "2018.01.17"]
[Round "?"]
[White "peachpie"]
[Black "Novicio"]
[Result "0-1"]
[WhiteElo "1192"]
[BlackElo "1012"]
[PlyCount "52"]
[EventDate "2018.??.??"]
[EventType "blitz"]

1. e4 e5 2. Nf3 Nc6 3. c3 Nf6 4. d4 Bd6 5. d5 Na5 6. Bg5 O-O 7. Nbd2 h6 8. Bxf6
Qxf6 9. Be2 c6 10. b4 cxd5 11. exd5 e4 12. Nxe4 Qe5 13. Nxd6 Qxc3+ 14. Nd2 Qxb4
15. N6e4 Nc4 16. O-O Ne5 17. Rb1 Qa3 18. Qb3 Qa5 19. Nc4 Nxc4 20. Bxc4 d6 21.
Nxd6 Bd7 22. Nxb7 Qd2 23. Rfd1 Qf4 24. Nc5 Rab8 25. Qd3 Bf5 26. Qe2 Bxb1 {
White resigns} 0-1

[Event "FICS rated blitz game"]
[Site "FICS freechess.org"]
[Date "2018.01.17"]
[Round "?"]
[White "bakonyi"]
[Black "Siorak"]
[Result "0-1"]
[WhiteElo "1966"]
[BlackElo "2176"]
[PlyCount "30"]
[EventDate "2018.??.??"]
[EventType "blitz"]

1. e4 e5 2. Nf3 Nc6 3. c3 f5 4. d4 fxe4 5. Ng5 Nf6 6. d5 Ne7 7. c4 h6 8. Nh3 d6
9. g3 g5 10. Bg2 Bg7 11. Nd2 O-O 12. Qe2 Nf5 13. Nxe4 Nd4 14. Qd3 Nxe4 15. Qxe4
Bf5 {White resigns} 0-1

[Event "FICS rated blitz game"]
[Site "FICS freechess.org"]
[Date "2018.01.17"]
[Round "?"]
[White "Cunigiu"]
[Black "CATAJARA"]
[Result "0-1"]
[WhiteElo "1035"]
[BlackElo "1378"]
[PlyCount "82"]
[EventDate "2018.??.??"]
[EventType "blitz"]

1. e4 e5 2. Nf3 Nc6 3. c3 Bc5 4. d4 exd4 5. cxd4 Bxd4 6. Nxd4 Qf6 7. Be3 d6 8.
Bd3 Nge7 9. O-O Nxd4 10. Bb5+ c6 11. Bxd4 Qg6 12. Bc4 O-O 13. Nc3 Bh3 14. Qf3
Bg4 15. Qg3 Qh5 16. e5 d5 17. Bd3 Nf5 18. Bxf5 Bxf5 19. Ne2 Qxe2 20. Rfe1 Qc4
21. Rad1 Be6 22. f4 Qxa2 23. f5 Bxf5 24. e6 Bg6 25. exf7+ Rxf7 26. Re5 b6 27.
Rde1 c5 28. Re8+ Rxe8 29. Rxe8+ Rf8 30. Re2 cxd4 31. Qe5 Re8 32. Qc7 Rxe2 33.
Qd8+ Re8 34. Qd7 Qb1+ 35. Kf2 Qe1+ 36. Kf3 Qe2+ 37. Kg3 Re3+ 38. Kf4 Qf2+ 39.
Kg5 Qxg2+ 40. Kf4 Qxh2+ 41. Kg5 Qg3+ 0-1

[Event "FICS rated blitz game"]
[Site "FICS freechess.org"]
[Date "2018.01.17"]
[Round "?"]
[White "fabiuscu"]
[Black "remilaci"]
[Result "1-0"]
[WhiteElo "1101"]
[BlackElo "1276"]
[PlyCount "57"]
[EventDate "2018.??.??"]
[EventType "blitz"]

1. e4 e5 2. Nf3 Nc6 3. c3 Nf6 4. d3 Bc5 5. b4 Bb6 6. a4 a5 7. b5 Na7 8. c4 c5
9. Bb2 d6 10. h3 O-O 11. g4 h5 12. g5 Nh7 13. h4 f6 14. g6 Ng5 15. hxg5 fxg5
16. Be2 g4 17. Nh4 Qf6 18. f3 Bd7 19. fxg4 Qf2+ 20. Kd2 Bxg4 21. Kc3 Bxe2 22.
Qb3 Bg4 23. Nd2 Bf3 24. Rhf1 Qxh4 25. Nxf3 Qg3 26. Qd1 Qxg6 27. Rg1 Qh6 28. Ng5
Nc8 29. Bc1 1-0

[Event "FICS rated blitz game"]
[Site "FICS freechess.org"]
[Date "2018.01.17"]
[Round "?"]
[White "Eneji"]
[Black "shiraren"]
[Result "0-1"]
[WhiteElo "1295"]
[BlackElo "1488"]
[PlyCount "62"]
[EventDate "2018.??.??"]
[EventType "blitz"]

1. e4 e5 2. Nf3 Nc6 3. c3 a6 4. d4 exd4 5. cxd4 Nf6 6. Bd3 d6 7. O-O Bg4 8. Bg5
Be7 9. d5 Nd4 10. Nbd2 h6 11. Qa4+ Nb5 12. Bxb5+ axb5 13. Qxb5+ Nd7 14. Qxb7
hxg5 15. Nd4 O-O 16. Nc6 Qe8 17. Qxc7 Bf6 18. Nc4 Qxe4 19. f3 Qxd5 20. fxg4
Rac8 21. Qxd7 Rxc6 22. Ne3 Bd4 23. Rae1 Rc2 24. Rf2 Bxe3 25. Rxe3 Rc1+ 26. Rf1
Rxf1+ 27. Kxf1 Qc4+ 28. Kf2 Qd4 29. Qe7 Qxb2+ 30. Re2 Qb6+ 31. Kf1 Rc8 0-1

[Event "FICS rated blitz game"]
[Site "FICS freechess.org"]
[Date "2018.01.17"]
[Round "?"]
[White "jsssstplayinn"]
[Black "talyprossoneri"]
[Result "1-0"]
[WhiteElo "1643"]
[BlackElo "1493"]
[PlyCount "85"]
[EventDate "2018.??.??"]
[EventType "blitz"]

1. e4 e5 2. Nf3 Nc6 3. c3 d5 4. exd5 Qxd5 5. Be2 e4 6. c4 Qa5 7. Ng1 Nf6 8. Nc3
Bb4 9. a3 O-O 10. Qb3 Bxc3 11. bxc3 Qg5 12. Bf1 Na5 13. Qd1 Qe5 14. Ne2 Bg4 15.
h3 Bh5 16. g4 Bg6 17. Bb2 Nxc4 18. Bc1 c5 19. Ng3 Nd6 20. Be2 Nd5 21. O-O Nf4
22. d4 exd3 23. Bxf4 Qxf4 24. Bxd3 Bxd3 25. Qxd3 Rad8 26. Qc2 Qf3 27. Rad1 f5
28. Rd3 Qf4 29. Ne2 Qh6 30. Qd2 fxg4 31. Rxd6 Rxd6 32. Qxh6 Rxh6 33. hxg4 Rf3
34. Kg2 Rfh3 35. Nf4 Rh2+ 36. Kf3 g5 37. Nh5 Rh4 38. Kg3 Rd6 39. Re1 Rd3+ 40.
Re3 Rd1 41. Re8+ Kf7 42. Rb8 Rb1 43. Rc8 1-0

[Event "FICS rated standard game"]
[Site "FICS freechess.org"]
[Date "2018.01.17"]
[Round "?"]
[White "piaanist"]
[Black "kautabak"]
[Result "0-1"]
[WhiteElo "1397"]
[BlackElo "2096"]
[PlyCount "38"]
[EventDate "2018.??.??"]

1. e4 e5 2. Nf3 Nc6 3. c3 f5 4. d3 Nf6 5. exf5 d5 6. Bg5 Bxf5 7. Bxf6 gxf6 8.
Nbd2 Qd7 9. Be2 O-O-O 10. Qc2 Bd6 11. Qa4 Rhg8 12. Rg1 Rg4 13. Nd4 exd4 14.
Bxg4 Bxg4 15. cxd4 Re8+ 16. Kf1 Be2+ 17. Ke1 Qe7 18. f3 Bxh2 19. Rh1 Bg3# {
White checkmated} 0-1

[Event "FICS rated blitz game"]
[Site "FICS freechess.org"]
[Date "2018.01.17"]
[Round "?"]
[White "Hexatetra"]
[Black "raffa"]
[Result "1-0"]
[WhiteElo "2208"]
[BlackElo "1400"]
[PlyCount "75"]
[EventDate "2018.??.??"]
[EventType "blitz"]

1. e4 e5 2. Nf3 Nc6 3. c3 Bc5 4. d4 exd4 5. cxd4 Bb4+ 6. Bd2 Qe7 7. e5 d6 8.
Bb5 Bd7 9. Bxc6 Bxc6 10. Bxb4 Bxf3 11. Qxf3 O-O-O 12. O-O Qe6 13. exd6 Nf6 14.
dxc7 Kxc7 15. Nc3 Kb8 16. d5 Nxd5 17. Nxd5 Qxd5 18. Qxd5 Rxd5 19. Rad1 Rhd8 20.
Rxd5 Rxd5 21. Re1 Kc8 22. g3 Rd7 23. Re7 Rxe7 24. Bxe7 Kd7 25. Bf8 g6 26. Kg2
a6 27. Kf3 Ke6 28. Ke4 f5+ 29. Kd4 b6 30. f4 a5 31. b4 axb4 32. Bxb4 h6 33. h4
h5 34. a4 Kd7 35. Kd5 Kc7 36. Bd6+ Kd7 37. Be5 Ke7 38. Kc6 {Black resigns} 1-0

[Event "FICS rated blitz game"]
[Site "FICS freechess.org"]
[Date "2018.01.17"]
[Round "?"]
[White "Gongom"]
[Black "steff"]
[Result "0-1"]
[WhiteElo "1639"]
[BlackElo "1624"]
[PlyCount "40"]
[EventDate "2018.??.??"]
[EventType "blitz"]

1. e4 e5 2. Nf3 Nc6 3. c3 Nf6 4. Qc2 d5 5. Bb5 Bd6 6. exd5 Nxd5 7. O-O O-O 8.
d4 exd4 9. Bxc6 bxc6 10. Nxd4 Bd7 11. Nd2 Qh4 12. g3 Qh3 13. Ne4 Rae8 14. Ng5
Qh5 15. c4 h6 16. cxd5 hxg5 17. dxc6 Bh3 18. Rd1 Be5 19. Be3 Bxd4 20. Rxd4 Qf3
{White resigns} 0-1

[Event "FICS rated blitz game"]
[Site "FICS freechess.org"]
[Date "2018.01.17"]
[Round "?"]
[White "morts"]
[Black "DevFortyTwo"]
[Result "1-0"]
[WhiteElo "1170"]
[BlackElo "1135"]
[PlyCount "49"]
[EventDate "2018.??.??"]
[EventType "blitz"]

1. e4 e5 2. Nf3 Nc6 3. c3 Nf6 4. d3 d5 5. Nbd2 dxe4 6. dxe4 Bc5 7. g3 Ng4 8. b4
Nxf2 9. Qe2 Nxh1 10. bxc5 Bg4 11. Qg2 Bxf3 12. Qxf3 O-O 13. Qxh1 Qg5 14. Nf3
Qg4 15. Bd3 Rad8 16. Be2 Qxe4 17. Bb2 Rd7 18. Rd1 Rxd1+ 19. Kxd1 Qb1+ 20. Bc1
Rd8+ 21. Nd2 Qxa2 22. Qe4 Qa4+ 23. Qxa4 b5 24. Qa6 Nb8 25. Qxb5 {Black resigns}
1-0

[Event "FICS rated blitz game"]
[Site "FICS freechess.org"]
[Date "2018.01.17"]
[Round "?"]
[White "fabiuscu"]
[Black "tjgreen"]
[Result "0-1"]
[WhiteElo "1104"]
[BlackElo "1229"]
[PlyCount "56"]
[EventDate "2018.??.??"]
[EventType "blitz"]

1. e4 e5 2. Nf3 Nc6 3. c3 Nf6 4. d4 d6 5. d5 Nb8 6. c4 Bg4 7. Nc3 Nbd7 8. h3
Bh5 9. g4 Bg6 10. Bd3 Be7 11. g5 Nh5 12. h4 O-O 13. Nh2 f6 14. Be2 Nf4 15. Bxf4
exf4 16. h5 Bf7 17. g6 hxg6 18. hxg6 Bxg6 19. f3 f5 20. Rg1 Qe8 21. Qd4 Bf6 22.
Qd2 fxe4 23. Nxe4 Bxe4 24. fxe4 Qxe4 25. Nf3 Rae8 26. Qd3 Qxd3 27. Rd1 Qxf3 28.
Rf1 Qxe2# {White checkmated} 0-1

[Event "FICS rated standard game"]
[Site "FICS freechess.org"]
[Date "2018.01.17"]
[Round "?"]
[White "Nidifugous"]
[Black "JoeConrad"]
[Result "0-1"]
[WhiteElo "1552"]
[BlackElo "1488"]
[PlyCount "142"]
[EventDate "2018.??.??"]

1. e4 e5 2. Nf3 Nc6 3. c3 Nf6 4. Bd3 h6 5. Qb3 Na5 6. Qb5 c6 7. Qxe5+ Be7 8. b4
d6 9. Qg3 Nh5 10. bxa5 Nxg3 11. hxg3 Bg4 12. Nd4 Qxa5 13. f3 Bd7 14. Nb3 Qc7
15. g4 d5 16. Rh3 Bg5 17. Nd4 Bf4 18. Ne2 Bd6 19. exd5 cxd5 20. Ba3 Bxa3 21.
Nxa3 Qc5 22. Nc2 Bb5 23. Bxb5+ Qxb5 24. Ned4 Qd7 25. Nf5 Qe6+ 26. Nce3 Qf6 27.
Nxd5 Qe5+ 28. Nde3 O-O-O 29. a4 h5 30. gxh5 g6 31. Nd4 Rxh5 32. Rxh5 Qxh5 33.
O-O-O Qc5 34. Kb2 Qa5 35. Kb3 Rd6 36. Nc4 Rb6+ 37. Nxb6+ Qxb6+ 38. Ka3 f6 39.
Nb5 Qc5+ 40. Kb3 a6 41. d4 Qb6 42. a5 Qxb5+ 43. Kc2 Qxa5 44. d5 Qa2+ 45. Kc1
Qxg2 46. Rd3 Qf1+ 47. Kc2 Qe2+ 48. Rd2 Qxf3 49. d6 Qe4+ 50. Kb2 Kd7 51. Kb3 a5
52. Rd4 Qb1+ 53. Kc4 b5+ 54. Kc5 b4 55. cxb4 axb4 56. Rxb4 Qg1+ 57. Kd5 Qg5+
58. Kd4 Qe5+ 59. Kd3 Qxd6+ 60. Rd4 Qxd4+ 61. Kxd4 Ke6 62. Ke4 f5+ 63. Kf4 Kf6
64. Kg3 g5 65. Kf3 Ke5 66. Kg3 f4+ 67. Kf3 Kf5 68. Kg2 g4 69. Kh2 g3+ 70. Kg2
Ke4 71. Kh3 Kf3 {White resigns} 0-1

[Event "FICS rated blitz game"]
[Site "FICS freechess.org"]
[Date "2018.01.17"]
[Round "?"]
[White "zbobi"]
[Black "avdl"]
[Result "1-0"]
[WhiteElo "1533"]
[BlackElo "1603"]
[PlyCount "67"]
[EventDate "2018.??.??"]
[EventType "blitz"]

1. e4 e5 2. Nf3 Nc6 3. c3 Nf6 4. d3 d6 5. Be2 Ne7 6. c4 Ng6 7. Nc3 Be7 8. O-O
h6 9. d4 exd4 10. Nxd4 O-O 11. f4 c5 12. Ndb5 a6 13. Na3 b5 14. cxb5 axb5 15.
Naxb5 Ba6 16. Bf3 Rb8 17. a4 Qb6 18. Kh1 Qd8 19. e5 Ne8 20. Bc6 Qc8 21. Bxe8
Rxe8 22. exd6 Bf6 23. d7 Qd8 24. Re1 Rxe1+ 25. Qxe1 Kh7 26. Nd5 Bxb5 27. axb5
Qxd7 28. Nxf6+ gxf6 29. Be3 Qxb5 30. Qc3 Rc8 31. Qxf6 c4 32. Qxf7+ Kh8 33. Qxg6
Rb8 34. Bd4+ {Black resigns} 1-0

[Event "FICS rated lightning game"]
[Site "FICS freechess.org"]
[Date "2018.01.17"]
[Round "?"]
[White "rusalka"]
[Black "JBShepherd"]
[Result "1-0"]
[WhiteElo "1215"]
[BlackElo "1192"]
[PlyCount "39"]
[EventDate "2018.??.??"]

1. e4 e5 2. Nf3 Nc6 3. c3 Nf6 4. d4 exd4 5. Ng5 h6 6. Bc4 d5 7. Nxf7 Kxf7 8.
exd5 Nxd5 9. Qh5+ g6 10. Qe5 Nce7 11. Qxh8 Be6 12. Bxh6 Bxh6 13. Qxh6 Nf5 14.
Qh7+ Ng7 15. O-O dxc3 16. bxc3 c6 17. Re1 Qd7 18. Nd2 b5 19. Nf3 Nf4 20. Ne5+ {
Black resigns} 1-0

[Event "FICS rated blitz game"]
[Site "FICS freechess.org"]
[Date "2018.01.17"]
[Round "?"]
[White "skrepper"]
[Black "JunnuK"]
[Result "1-0"]
[WhiteElo "1392"]
[BlackElo "1457"]
[PlyCount "55"]
[EventDate "2018.??.??"]
[EventType "blitz"]

1. e4 e5 2. Nf3 Nc6 3. c3 g6 4. d4 exd4 5. cxd4 Bg7 6. Nc3 d6 7. Bc4 h6 8. O-O
Nge7 9. Be3 O-O 10. Qd2 Kh7 11. Bd3 Bg4 12. d5 Bxf3 13. gxf3 Nb8 14. f4 a6 15.
Kh1 Nd7 16. Rg1 f5 17. Rg3 Nc5 18. Bxc5 dxc5 19. Rag1 Qd7 20. e5 b5 21. e6 Qd6
22. Bc2 Bxc3 23. Rxc3 Qxd5+ 24. Qxd5 Nxd5 25. Rxc5 Rfe8 26. Rxd5 Rxe6 27. Rd7+
Kg8 28. Bb3 {Black resigns} 1-0

[Event "FICS rated blitz game"]
[Site "FICS freechess.org"]
[Date "2018.01.17"]
[Round "?"]
[White "lopencjo"]
[Black "TempoAhead"]
[Result "1-0"]
[WhiteElo "1838"]
[BlackElo "1797"]
[PlyCount "41"]
[EventDate "2018.??.??"]
[EventType "blitz"]

1. e4 e5 2. Nf3 Nc6 3. c3 f5 4. d4 fxe4 5. Nxe5 Qf6 6. Bc4 Nxe5 7. dxe5 Qxe5 8.
O-O Nf6 9. Re1 d5 10. Bb3 Bd6 11. g3 Bg4 12. Qc2 Bf3 13. Bf4 Qh5 14. Nd2 Bxf4
15. Nxf3 Qxf3 16. gxf4 Qg4+ 17. Kh1 Qxf4 18. Re3 Ng4 19. Rg3 O-O-O 20. Rf1 Ne3
21. Rxe3 {Black resigns} 1-0

[Event "FICS rated standard game"]
[Site "FICS freechess.org"]
[Date "2018.01.17"]
[Round "?"]
[White "piaanist"]
[Black "pepegarza"]
[Result "1/2-1/2"]
[WhiteElo "1405"]
[BlackElo "1437"]
[PlyCount "97"]
[EventDate "2018.??.??"]

1. e4 e5 2. Nf3 Nc6 3. c3 Nf6 4. g3 Bc5 5. d3 d6 6. Bg2 Be6 7. Qe2 h6 8. Be3
Qd7 9. Nbd2 a6 10. d4 exd4 11. cxd4 Bb4 12. e5 Bxd2+ 13. Qxd2 dxe5 14. dxe5
Qxd2+ 15. Bxd2 Ne4 16. Be3 O-O-O 17. O-O h5 18. Rfd1 Rxd1+ 19. Rxd1 Nb4 20. a3
Nc2 21. Ba7 Bb3 22. Rd3 Na1 23. Nd4 Bc4 24. Bxe4 Bxd3 25. Bxd3 h4 26. g4 Kd7
27. Bf5+ Ke7 28. Bc5+ Ke8 29. e6 fxe6 30. Nxe6 Nc2 31. Nxc7+ Kd8 32. Ne6+ Ke8
33. Bxc2 Kd7 34. Nxg7 Rg8 35. Bd4 Kc6 36. Bd3 b5 37. Kg2 Kd5 38. Bc3 Kc5 39.
Kh3 a5 40. b4+ axb4 41. axb4+ Kb6 42. Kxh4 Rh8+ 43. Kg3 Rd8 44. Be4 Rc8 45.
Bd4+ Ka6 46. f3 Rc4 47. Bc5 Rc3 48. Ne6 Rxf3+ 49. Bxf3 1/2-1/2

[Event "FICS rated blitz game"]
[Site "FICS freechess.org"]
[Date "2018.01.17"]
[Round "?"]
[White "seved"]
[Black "tomazb"]
[Result "0-1"]
[WhiteElo "1576"]
[BlackElo "1688"]
[PlyCount "108"]
[EventDate "2018.??.??"]
[EventType "blitz"]

1. e4 e5 2. Nf3 Nc6 3. c3 Be7 4. d4 exd4 5. cxd4 Nf6 6. Nc3 d5 7. e5 Ne4 8. Bd3
Nxc3 9. bxc3 O-O 10. Qc2 g6 11. Bh6 Re8 12. h4 Na5 13. Bg5 c5 14. Bxe7 Qxe7 15.
Ng5 Bd7 16. Nxh7 Kxh7 17. h5 Kg7 18. hxg6 Rh8 19. O-O-O cxd4 20. Rh7+ Rxh7 21.
gxh7 dxc3 22. Rh1 Kh8 23. e6 Bxe6 24. Qxc3+ f6 25. Qxa5 b6 26. Qa4 Bd7 27. Qd4
Rc8+ 28. Kd2 Qe5 29. Qxe5 fxe5 30. f3 Re8 31. Rh5 e4 32. fxe4 dxe4 33. Bc2 e3+
34. Ke1 a6 35. Rh6 Bb5 36. Rxb6 Rf8 37. Rxb5 axb5 38. Bd3 Rf2 39. Bxb5 Rxg2 40.
a4 Kxh7 41. Bc6 Ra2 42. Bb5 Kg7 43. Bc6 Kf6 44. Bb5 Ke5 45. Bc6 Kd4 46. Bb5 Kc5
47. Bd7 Kd4 48. Bb5 Ke4 49. Bc6+ Kf4 50. Bb5 Rb2 51. Bc6 e2 52. Bb5 Ke3 53. Bd3
Ra2 54. Bc4 Ra1# {White checkmated} 0-1

[Event "FICS rated standard game"]
[Site "FICS freechess.org"]
[Date "2018.01.17"]
[Round "?"]
[White "mplangley"]
[Black "TORREGRIS"]
[Result "1-0"]
[WhiteElo "1459"]
[BlackElo "1572"]
[PlyCount "65"]
[EventDate "2018.??.??"]

1. e4 e5 2. Nf3 Nc6 3. c3 Nf6 4. Qc2 d6 5. h3 Be7 6. d4 exd4 7. Nxd4 Ne5 8.
Bb5+ c6 9. Be2 O-O 10. O-O a6 11. Bf4 Ng6 12. Bg3 Re8 13. Rd1 Qb6 14. Nf5 Bxf5
15. exf5 Ne5 16. Bxe5 dxe5 17. g4 Nd5 18. a4 Bh4 19. Bf3 Nf4 20. Kh2 Bg5 21.
Kg3 Rad8 22. Rxd8 Bxd8 23. a5 Qb5 24. c4 Qb4 25. Nc3 Bxa5 26. Ne4 Qb6 27. f6 g6
28. h4 Qc7 29. h5 gxh5 30. gxh5 h6 31. Kh4 Bb6 32. Rg1+ Kh7 33. Nd6+ {Black
resigns} 1-0

[Event "FICS rated blitz game"]
[Site "FICS freechess.org"]
[Date "2018.01.17"]
[Round "?"]
[White "bakonyi"]
[Black "KiranY"]
[Result "1-0"]
[WhiteElo "1945"]
[BlackElo "2093"]
[PlyCount "35"]
[EventDate "2018.??.??"]
[EventType "blitz"]

1. e4 e5 2. Nf3 Nc6 3. c3 Nf6 4. d4 d6 5. Bb5 Bd7 6. Nbd2 a6 7. Ba4 Qe7 8. d5
Nd8 9. Bc2 h6 10. Nf1 g5 11. Ng3 Bg7 12. Be3 c6 13. c4 O-O 14. Qd2 g4 15. Bxh6
gxf3 16. Qg5 Ne8 17. Qxe7 Bxh6 18. Qxd7 {Black resigns} 1-0

[Event "FICS rated blitz game"]
[Site "FICS freechess.org"]
[Date "2018.01.17"]
[Round "?"]
[White "igor"]
[Black "TudorPatrutoiu"]
[Result "1-0"]
[WhiteElo "1702"]
[BlackElo "1732"]
[PlyCount "82"]
[EventDate "2018.??.??"]
[EventType "blitz"]

1. e4 e5 2. Nf3 Nc6 3. c3 Bc5 4. d3 d6 5. h3 Nf6 6. Be2 a6 7. Bg5 h6 8. Bh4 g5
9. Nxg5 hxg5 10. Bxg5 Rg8 11. h4 Be6 12. Bh5 d5 13. b4 Be7 14. exd5 Nxd5 15.
Bxe7 Qxe7 16. g4 O-O-O 17. f3 Ndxb4 18. cxb4 Qxb4+ 19. Qd2 Qd4 20. Nc3 Qxd3 21.
Qxd3 Rxd3 22. Ne4 Rxf3 23. Ke2 Rf4 24. Ng5 Bxg4+ 25. Bxg4+ Rxg4 26. Nxf7 Nd4+
27. Kd3 Re8 28. h5 c5 29. h6 b5 30. h7 e4+ 31. Kd2 e3+ 32. Kd3 c4+ 33. Kc3 Ne2+
34. Kb4 c3+ 35. Kb3 Nd4+ 36. Kxc3 e2 37. Nd6+ Kd7 38. Nxe8 Nf3 39. h8=Q Rc4+
40. Kd3 e1=Q 41. Raxe1 Nxe1+ {Black resigns} 1-0

[Event "FICS rated lightning game"]
[Site "FICS freechess.org"]
[Date "2018.01.17"]
[Round "?"]
[White "kungzeb"]
[Black "javierrivas"]
[Result "1-0"]
[WhiteElo "1856"]
[BlackElo "1843"]
[PlyCount "87"]
[EventDate "2018.??.??"]

1. e4 e5 2. Nf3 Nc6 3. c3 Bc5 4. d4 exd4 5. cxd4 Bb4+ 6. Bd2 Bxd2+ 7. Nbxd2 d6
8. Bb5 Bd7 9. O-O Nge7 10. Re1 O-O 11. Nc4 a6 12. Bxc6 Bxc6 13. d5 Bd7 14. Rc1
f6 15. Nd4 Ng6 16. Qd3 Ne5 17. Nxe5 fxe5 18. Ne2 Qf6 19. Qg3 Rac8 20. b3 Bb5
21. Rc3 Rf7 22. Rf3 Qe7 23. Rxf7 Qxf7 24. Qg4 Rf8 25. f3 Bd7 26. Qh4 c6 27. Nc3
cxd5 28. Nxd5 Bc6 29. Ne7+ Kh8 30. Rd1 Rd8 31. Nf5 Rd7 32. Rxd6 Rxd6 33. Nxd6
Qd7 34. Qh5 g6 35. Qxe5+ Kg8 36. Qf6 Qg7 37. Qd8+ Qf8 38. Qg5 Qxd6 39. h4 Qd1+
40. Kh2 Qd7 41. h5 Qg7 42. hxg6 Qxg6 43. Qd8+ Kg7 44. Kg1 1-0

[Event "FICS rated blitz game"]
[Site "FICS freechess.org"]
[Date "2018.01.17"]
[Round "?"]
[White "zbobi"]
[Black "ChessTheory"]
[Result "0-1"]
[WhiteElo "1544"]
[BlackElo "1518"]
[PlyCount "72"]
[EventDate "2018.??.??"]
[EventType "blitz"]

1. e4 e5 2. Nf3 Nc6 3. c3 Nf6 4. d3 Be7 5. Be2 O-O 6. b4 a6 7. O-O d5 8. exd5
Nxd5 9. Bb2 Bg4 10. a3 Nf4 11. c4 Nxe2+ 12. Qxe2 Bf6 13. Qe4 Bxf3 14. Qxf3 Nd4
15. Bxd4 Qxd4 16. Nd2 Rad8 17. Ne4 Be7 18. Rad1 f5 19. Ng3 g6 20. Qxb7 e4 21.
dxe4 Qxd1 22. Rxd1 Rxd1+ 23. Nf1 Bd6 24. Qxa6 Bxh2+ 25. Kxh2 Rxf1 26. Qe6+ Kg7
27. b5 Rxf2 28. e5 f4 29. Qc6 f3 30. Qxc7+ Rf7 31. b6 Rxg2+ 32. Kh1 Re2 33. Qc5
f2 34. e6 f1=Q+ 35. Qg1 Qf3+ 36. Qg2 Qxg2# {White checkmated} 0-1

[Event "FICS rated blitz game"]
[Site "FICS freechess.org"]
[Date "2018.01.17"]
[Round "?"]
[White "HotCarl"]
[Black "bigpoint"]
[Result "1-0"]
[WhiteElo "1416"]
[BlackElo "1281"]
[PlyCount "22"]
[EventDate "2018.??.??"]
[EventType "blitz"]

1. e4 e5 2. Nf3 Nc6 3. c3 d6 4. d4 Bg4 5. Be2 exd4 6. cxd4 Qd7 7. Bb5 a6 8. Ba4
Nf6 9. d5 b5 10. dxc6 Bxf3 11. cxd7+ Kxd7 {Black resigns} 1-0

[Event "FICS rated blitz game"]
[Site "FICS freechess.org"]
[Date "2018.01.17"]
[Round "?"]
[White "HotCarl"]
[Black "bigpoint"]
[Result "0-1"]
[WhiteElo "1411"]
[BlackElo "1286"]
[PlyCount "80"]
[EventDate "2018.??.??"]
[EventType "blitz"]

1. e4 e5 2. Nf3 Nc6 3. c3 Nf6 4. d4 exd4 5. cxd4 Bb4+ 6. Nc3 Nxe4 7. Bd2 d5 8.
Bb5 Bg4 9. Bxc6+ bxc6 10. O-O O-O 11. h3 Nxd2 12. Qxd2 Bxf3 13. gxf3 Qd7 14.
Kg2 Rae8 15. Rg1 Qf5 16. f4 Re6 17. Kh2 Rfe8 18. a3 Bxc3 19. Qxc3 Qxf4+ 20. Rg3
Re2 21. Rf1 Rxf2+ 22. Rxf2 Qxf2+ 23. Rg2 Qf4+ 24. Kh1 Re4 25. Qg3 Qxg3 26. Rxg3
Rxd4 27. Rc3 Rc4 28. Rb3 g6 29. Rb7 d4 30. Rxa7 d3 31. Rxc7 d2 32. Rd7 Rc1+ 33.
Kh2 d1=Q 34. Rxd1 Rxd1 35. Kg3 Rd2 36. b4 Ra2 37. Kf4 Rxa3 38. Ke5 Rxh3 39. Kd6
Rb3 40. Kc5 h5 {White resigns} 0-1